<?xml version="1.0" encoding="UTF-8"?>
<record
    xmlns:xsi="http://www.w3.org/2001/XMLSchema-instance"
    xsi:schemaLocation="http://www.loc.gov/MARC21/slim http://www.loc.gov/standards/marcxml/schema/MARC21slim.xsd"
    xmlns="http://www.loc.gov/MARC21/slim">

  <leader>01086cam a22002771i 4500</leader>
  <controlfield tag="003">SA-RiAUC</controlfield>
  <controlfield tag="005">20251029124249.0</controlfield>
  <controlfield tag="008">251023q19001999|||    g      000 0 ara c</controlfield>
  <datafield tag="040" ind1=" " ind2=" ">
    <subfield code="a">SA-JeALM</subfield>
    <subfield code="b">ara</subfield>
    <subfield code="c">SA-RiAUC</subfield>
    <subfield code="e">rda</subfield>
  </datafield>
  <datafield tag="041" ind1="1" ind2=" ">
    <subfield code="a">ara</subfield>
    <subfield code="h">und</subfield>
  </datafield>
  <datafield tag="082" ind1="0" ind2="4">
    <subfield code="a">212</subfield>
  </datafield>
  <datafield tag="090" ind1=" " ind2=" ">
    <subfield code="a">212 </subfield>
    <subfield code="b">&#x646; &#x648; &#x631;</subfield>
  </datafield>
  <datafield tag="100" ind1="1" ind2=" ">
    <subfield code="a">&#x627;&#x644;&#x646;&#x648;&#x631;&#x633;&#x64A;&#x60C; &#x628;&#x62F;&#x64A;&#x639; &#x627;&#x644;&#x632;&#x645;&#x627;&#x646; &#x633;&#x639;&#x64A;&#x62F;&#x60C;</subfield>
    <subfield code="d">1873-1960</subfield>
    <subfield code="e">&#x645;&#x624;&#x644;&#x641;.</subfield>
  </datafield>
  <datafield tag="245" ind1="1" ind2="2">
    <subfield code="a">&#x627;&#x644;&#x625;&#x62E;&#x644;&#x627;&#x635; &#x648;&#x627;&#x644;&#x623;&#x62E;&#x648;&#x629; /</subfield>
    <subfield code="c">&#x628;&#x62F;&#x64A;&#x639; &#x627;&#x644;&#x632;&#x645;&#x627;&#x646; &#x633;&#x639;&#x64A;&#x62F; &#x627;&#x644;&#x646;&#x648;&#x631;&#x633;&#x64A; &#x61B; &#x62A;&#x631;&#x62C;&#x645;&#x629; &#x625;&#x62D;&#x633;&#x627;&#x646; &#x642;&#x627;&#x633;&#x645; &#x627;&#x644;&#x635;&#x627;&#x644;&#x62D;&#x64A;.</subfield>
  </datafield>
  <datafield tag="264" ind1=" " ind2="1">
    <subfield code="a">&#x627;&#x644;&#x642;&#x627;&#x647;&#x631;&#x629; :</subfield>
    <subfield code="b">&#x634;&#x631;&#x643;&#x629; &#x633;&#x648;&#x632;&#x644;&#x631;&#x60C;</subfield>
    <subfield code="c">[&#x628;&#x64A;&#x646; 1900 &#x648;1999]</subfield>
  </datafield>
  <datafield tag="300" ind1=" " ind2=" ">
    <subfield code="a">63 &#x635;&#x641;&#x62D;&#x629;.</subfield>
    <subfield code="c">16 &#x633;&#x645;.</subfield>
  </datafield>
  <datafield tag="336" ind1=" " ind2=" ">
    <subfield code="a">&#x646;&#x635;</subfield>
    <subfield code="b">txt</subfield>
    <subfield code="2">rdacontent</subfield>
    <subfield code="3">&#x643;&#x62A;&#x627;&#x628;</subfield>
  </datafield>
  <datafield tag="337" ind1=" " ind2=" ">
    <subfield code="a">&#x628;&#x62F;&#x648;&#x646; &#x648;&#x633;&#x64A;&#x637;</subfield>
    <subfield code="b">n</subfield>
    <subfield code="2">rdamedia</subfield>
  </datafield>
  <datafield tag="490" ind1="0" ind2=" ">
    <subfield code="a">&#x643;&#x644;&#x64A;&#x627;&#x62A; &#x631;&#x633;&#x627;&#x626;&#x644; &#x627;&#x644;&#x646;&#x648;&#x631;</subfield>
  </datafield>
  <datafield tag="650" ind1=" " ind2="7">
    <subfield code="a">&#x627;&#x644;&#x623;&#x62E;&#x648;&#x629;</subfield>
    <subfield code="2">aucsh</subfield>
  </datafield>
  <datafield tag="650" ind1=" " ind2="7">
    <subfield code="a">&#x627;&#x644;&#x625;&#x62E;&#x644;&#x627;&#x635; (&#x623;&#x62E;&#x644;&#x627;&#x642; &#x625;&#x633;&#x644;&#x627;&#x645;&#x64A;&#x629;)</subfield>
    <subfield code="2">aucsh</subfield>
  </datafield>
  <datafield tag="650" ind1=" " ind2="7">
    <subfield code="a">&#x627;&#x644;&#x623;&#x62E;&#x644;&#x627;&#x642; &#x627;&#x644;&#x625;&#x633;&#x644;&#x627;&#x645;&#x64A;&#x629;</subfield>
    <subfield code="2">aucsh</subfield>
  </datafield>
  <datafield tag="700" ind1="1" ind2=" ">
    <subfield code="a">&#x627;&#x644;&#x635;&#x627;&#x644;&#x62D;&#x64A;&#x60C; &#x625;&#x62D;&#x633;&#x627;&#x646; &#x642;&#x627;&#x633;&#x645;&#x60C;</subfield>
    <subfield code="d">1936-</subfield>
    <subfield code="e">&#x645;&#x62A;&#x631;&#x62C;&#x645;.</subfield>
  </datafield>
  <datafield tag="942" ind1=" " ind2=" ">
    <subfield code="2">ddc</subfield>
    <subfield code="c">BOOK</subfield>
    <subfield code="n">0</subfield>
  </datafield>
  <datafield tag="949" ind1=" " ind2=" ">
    <subfield code="a">SA-JeALM</subfield>
    <subfield code="d">251023</subfield>
    <subfield code="u">osman123</subfield>
    <subfield code="n">1</subfield>
  </datafield>
  <datafield tag="952" ind1=" " ind2=" ">
    <subfield code="0">0</subfield>
    <subfield code="1">0</subfield>
    <subfield code="2">ddc</subfield>
    <subfield code="4">0</subfield>
    <subfield code="7">0</subfield>
    <subfield code="a">WAHAB</subfield>
    <subfield code="b">WAHAB</subfield>
    <subfield code="d">2025-10-29</subfield>
    <subfield code="l">0</subfield>
    <subfield code="o">212  &#x646; &#x648; &#x631;</subfield>
    <subfield code="p">000020577</subfield>
    <subfield code="r">2025-10-29 12:43:33</subfield>
    <subfield code="w">2025-10-29</subfield>
    <subfield code="y">BOOK</subfield>
  </datafield>
  <datafield tag="952" ind1=" " ind2=" ">
    <subfield code="0">0</subfield>
    <subfield code="1">0</subfield>
    <subfield code="2">ddc</subfield>
    <subfield code="4">0</subfield>
    <subfield code="7">0</subfield>
    <subfield code="a">WAHAB</subfield>
    <subfield code="b">WAHAB</subfield>
    <subfield code="d">2025-10-29</subfield>
    <subfield code="l">0</subfield>
    <subfield code="o">212  &#x646; &#x648; &#x631;</subfield>
    <subfield code="p">000020578</subfield>
    <subfield code="r">2025-10-29 12:43:33</subfield>
    <subfield code="w">2025-10-29</subfield>
    <subfield code="y">BOOK</subfield>
  </datafield>
  <datafield tag="999" ind1=" " ind2=" ">
    <subfield code="c">12788</subfield>
    <subfield code="d">12788</subfield>
  </datafield>
</record>
